000 00819nam a2200241 i 4500
001 bg
100 1 _aOGONOWSKI, Jan
245 1 0 _aZwiązki powierzchniowo czynne :
_bpodręcznik dla studentów wyższych szkół technicznych /
_cJ. Ogonowski, A. Tomaszkiewicz-Potępa ; Politechnika Krakowska im. Tadeusza Kościuszki.
260 _aKraków :
_bPK,
_c1999.
300 _a159 s. :
_brys., wykr. ;
_c24 cm.
504 _aBibliogr. s. 153.
650 9 _aŚrodki powierzchniowo-czynne
655 _aPodręczniki akademickie
700 1 _aTOMASZKIEWICZ-POTĘPA, Anna
710 0 _aPolitechnika Krakowska im. Tadeusza Kościuszki
020 _a8372420270
040 _cBPK
041 0 _apl
080 _a547-3:661](075.8)
920 _a83-7242-027-0
942 _cKS
008 s pl f |000 0 pol
999 _c37864
_d37864
856 _uhttp://koha.tu.koszalin.pl/cgi-bin/koha/opac-detail.pl?biblionumber=37864
_yKatalog online BPK